English pronunciation in use
保存先:
| 第一著者: | |
|---|---|
| フォーマット: | 図書 |
| 言語: | 英語 |
| 出版事項: |
Cambridge
Cambridge University
2003
|
| 版: | 1a. ed |
| 主題: | |
| タグ: |
タグ追加
タグなし, このレコードへの初めてのタグを付けませんか!
|
MARC
| LEADER | 00000nam a2200000 a 4500 | ||
|---|---|---|---|
| 001 | UCK0218 | ||
| 003 | CL-VaPUC | ||
| 008 | 040924e20030000UK |||||||||||||||||eng|d | ||
| 020 | |a 0521001854 | ||
| 082 | 0 | 4 | |a 421.52 |b HAN |2 21 |
| 100 | |a Hancock, Mark |e author |9 500639 | ||
| 245 | 1 | 0 | |a English pronunciation in use |
| 250 | |a 1a. ed | ||
| 300 | |a 200 p | ||
| 942 | |c BK | ||
| 945 | |d 20040924 00:00:00 |a vberengu | ||
| 260 | |a Cambridge |b Cambridge University |c 2003 | ||
| 500 | |a English Pronunciation in use incluye material de apoyo, 4 cassette | ||
| 500 | |a http://www.cambridge.org | ||
| 650 | 0 | |a Fonética |9 308371 | |
| 650 | 0 | |a Educación lingüística |9 306506 | |
| 650 | 0 | |a Lengua inglesa |9 318842 | |
| 650 | 0 | |a Enseñanza del inglés |9 367340 | |
| 583 | |a last modification |c 20130308 10:18:05 |k Rodrigo Vera | ||
| 999 | |c 310707 |d 310705 | ||
| 952 | |0 0 |1 0 |4 0 |6 421_520000000000000_HAN_2003 |7 0 |8 A |9 379611 |a BIBEDU |b BIBEDU |d 2019-11-21 |i 4061381 |l 7 |m 1 |o 421.52 HAN 2003 |p 4061381 |r 2024-03-14 |s 2024-03-14 |w 2019-11-21 |y BK |k LIT | ||